El campesino del Garona

Uloženo v:
Podrobná bibliografie
Hlavní autor: Maritain, Jacques (autor)
Médium: Kniha
Jazyk:španělština
Vydáno: Bilbao Desclée de Brouwer 1967
Edice:Colección Nuestro Tiempo, 2
Témata:
Tagy: Přidat tag
Žádné tagy, Buďte první, kdo vytvoří štítek k tomuto záznamu!

MARC

LEADER 00000cam a2200000 a 4500
001 UCZ2631
003 CL-VaPUC
008 951005e19670000SP |||||||||||||||||spa|d
082 0 4 |a 142.78  |b MAR  |2 21 
100 |a Maritain, Jacques  |e autor  |9 255680 
245 1 3 |a El campesino del Garona 
246 1 3 |a Un viejo laico se interroga sobre el tiempo presente 
300 |a 355 p 
942 |c BK 
945 |d 19951005 00:00:00  |a cmena 
260 |a Bilbao  |b Desclée de Brouwer  |c 1967 
650 0 |a Existencialismo  |9 265698 
650 0 |a Escuelas filosóficas   |9 266232 
650 0 |a Filosofía francesa   |9 255698 
650 0 |a Teología   |9 258766 
583 |a last modification  |c 20150713 10:57:18  |k Rodrigo Vera 
490 0 |a Colección Nuestro Tiempo, 2 
999 |c 239196  |d 239194 
952 |0 0  |1 0  |4 0  |6 142_780000000000000_MAR_1967  |7 0  |8 A  |9 250098  |a BIBEDU  |b BIBEDU  |d 2019-11-18  |i 1569082  |l 4  |m 2  |o 142.78 MAR 1967  |p 1569082  |q 2024-08-02  |r 2024-07-03  |s 2024-07-03  |w 2019-11-18  |y BK  |k FIL 
952 |0 0  |1 0  |3 erb  |4 0  |6 142_780000000000000_MAR_1967  |7 0  |8 A  |9 250099  |a BIBEDU  |b BIBEDU  |e Villagrán Garnham, Jorge  |i 518715K  |l 5  |m 2  |o 142.78 MAR 1967  |p 518715K  |q 2024-08-02  |r 2024-07-03  |s 2024-07-03  |w 2019-11-18  |y BK  |z Catalogado en:20150728  |k FIL